MARC details
| 000 -CABECERA |
| campo de control de longitud fija |
01364ngm a2200229 a 4500 |
| 005 - FECHA Y HORA DE LA ÚLTIMA TRANSACCIÓN |
| campo de control |
20210223125538.0 |
| 008 - ELEMENTOS DE LONGITUD FIJA--INFORMACIÓN GENERAL |
| campo de control de longitud fija |
041124s1994 mx 122 d daspa d |
| 035 ## - NÚMERO DE CONTROL DEL SISTEMA |
| Número de control de sistema |
UPN01000136531 |
| 049 ## - COLECCIÓN |
| Colección |
AV |
| 050 #4 - SIGNATURA TOPOGRÁFICA DE LA BIBLIOTECA DEL CONGRESO |
| Número de clasificación |
PVI PN 1279 |
| 245 00 - MENCIÓN DE TÍTULO |
| Título |
Entrevista con el vampiro / |
| Mención de responsabilidad, etc. |
dir. Neil Jordan ; producida por Stephen Woolley y David Geffen. |
| 260 ## - PUBLICACIÓN, DISTRIBUCIÓN, ETC. |
| Lugar de publicación, distribución, etc. |
Estados Unidos : |
| Nombre del editor, distribuidor, etc. |
Geffen Pictures, |
| Fecha de publicación, distribución, etc. |
1994. |
| 300 ## - DESCRIPCIÓN FÍSICA |
| Extensión |
1 videocasete (VHS) (122 min.) : |
| Otras características físicas |
son., col. |
| 500 ## - NOTA GENERAL |
| Nota general |
Subtítulos en español |
| 511 1# - NOTA DE PARTICIPANTES O INTÉRPRETES |
| Nota de participantes o intérpretes |
Reparto: Tom Cruise, Brad Pitt, Christian Slater, Antonio Banderas, Stephen Rea, Kirsten Dunst, Domiziana Giordano, Sara Stockbridge, Thandie Newton |
| 520 ## - NOTA DE RESUMEN, ETC. |
| Sumario, etc. |
Sinopsis: Lestat es un vampiro de aspecto juvenil, que a lo largo de los tiempos va sumando víctimas. A algunas de éstas, las que son de su agrado, les concede el don de la inmortalidad. Así a finales del siglo XVIII, se cruza en su camino Louis de Pointe du Lac, un hombre atormentado por las muertes de su esposa e hija. Doscientos años depués, en San Francisco, Louis relata a un periodista cómo llegó a convertirse en un vampiro |
| 534 ## - NOTA SOBRE LA VERSIÓN ORIGINAL |
| Frase introductoria |
Traducción de: |
| Mención de título del original |
Interview with the vampire |
| 650 #4 - ASIENTO SECUNDARIO DE MATERIA - TERMINO TEMATICO |
| Término de materia o nombre geográfico como elemento de entrada |
PELICULAS CINEMATOGRAFICAS DE VAMPIROS |
| 9 (RLIN) |
18362 |
| 650 #4 - ASIENTO SECUNDARIO DE MATERIA - TERMINO TEMATICO |
| Término de materia o nombre geográfico como elemento de entrada |
PELICULAS CINEMATOGRAFICAS DE TERROR |
| 9 (RLIN) |
18291 |
| 700 1# - ASIENTO SECUNDARIO--NOMBRE DE PERSONAL |
| Nombre de persona |
Jordan, Neil, |
| Fechas asociadas al nombre |
1945- , |
| Término indicativo de función/relación |
dir. |
| 905 ## - TIPO DE MATERIAL |
| Tipo de material |
Audiovisuales |